| 000 | 00784nam a2200217Ia 4500 | ||
|---|---|---|---|
| 999 |
_c39261 _d39261 |
||
| 001 | 5847 | ||
| 003 | GE_BSU | ||
| 005 | 20190917141852.0 | ||
| 008 | 181216s1974||||ge |||||||||||||| ||geo|| | ||
| 040 | _cGE_BSU | ||
| 041 | _ageo | ||
| 080 | _a821.353.1-1 ა-76 | ||
| 100 |
_aარაბული, ა. _94060 |
||
| 245 |
_aფოთლის გვირგვინი : _bლექსები / _cა. არაბული ; რედ. ტ. ჭანტურია. |
||
| 264 |
_aთბილისი : _bმერანი ; _c1974. |
||
| 300 |
_a59 გვ. ; _c16 სმ. |
||
| 653 | _aფოთლის გვირგვინი | ||
| 653 | _aლექსები | ||
| 700 |
_aჭანტურია, ტ. _eრედაქტორი _93733 |
||
| 942 |
_cBK _2udc |
||